BSOP header

希伯來書 : 沿著新路來到施恩寶座前 Xibolai shu : yan zhe xin lu lai dao shi en bao zuo qian = Hebrews : draw near to the throne of grace [ch} / (Record no. 36972)

MARC details
000 -LEADER
fixed length control field 01790nam a2200253Ia 4500
005 - DATE AND TIME OF LATEST TRANSACTION
control field 20181219152854.0
008 - FIXED-LENGTH DATA ELEMENTS--GENERAL INFORMATION
fixed length control field 130107s2012 cc b 000 0 chi d
020 ## - INTERNATIONAL STANDARD BOOK NUMBER
International Standard Book Number 9789881963857
020 ## - INTERNATIONAL STANDARD BOOK NUMBER
International Standard Book Number 9881963850
035 ## - SYSTEM CONTROL NUMBER
System control number (OCoLC)823517173
040 ## - CATALOGING SOURCE
Original cataloging agency CNTCS
Transcribing agency CNTCS
Modifying agency LGV
100 1# - MAIN ENTRY--PERSONAL NAME
Personal name 吳存仁 Wu, Cunren.
245 10 - TITLE STATEMENT
Title 希伯來書 : 沿著新路來到施恩寶座前 Xibolai shu : yan zhe xin lu lai dao shi en bao zuo qian = Hebrews : draw near to the throne of grace [ch} /
Statement of responsibility, etc 吳存仁 Wu Cunren zhu.
246 3# - VARYING FORM OF TITLE
Title proper/short title 沿著新路來到施恩寶座前 Yan zhe xin lu lai dao shi en bao zuo qian
246 1# - VARYING FORM OF TITLE
Display text Colophon title also in English:
Title proper/short title Hebrews :
Remainder of title draw near to the throne of grace
260 ## - PUBLICATION, DISTRIBUTION, ETC. (IMPRINT)
Place of publication, distribution, etc 香港 Xianggang :
Name of publisher, distributor, etc 明道社 Ming dao she,
Date of publication, distribution, etc 2012.
300 ## - PHYSICAL DESCRIPTION
Extent xiv, 581 p. ;
Dimensions 23 cm.
490 1# - SERIES STATEMENT
Series statement 明道研經叢書 Ming dao yan jing cong shu =
-- Ming dao commentary series ;
Volume number/sequential designation 58
504 ## - BIBLIOGRAPHY, ETC. NOTE
Bibliography, etc Includes bibliiographical references (p. 547-581).
520 ## - SUMMARY, ETC.
Summary, etc 這本書合併了吳博士兩方面研究的努力:希伯來書的聖經神學與講道神學的雙重考量。吳博士指出長久以 來,對希伯來書的核心信息,學者多半執著於「更美的」這主題,忽略了全書反覆交錯解經段落與勸勉段落的堆疊結構。他以此為基礎,帶領讀者細琢聖經作者的用 字、追溯他思路的淵源、考究他鋪陳的講論邏輯,從舊約到新約、從字彙到結構、從地上到天上、從現世到永遠、從預表到現時、從圖像到實體、從理念到應用,從 而看見希伯來書的作者怎樣擴張讀者的屬靈視野,並且展示了一個從解經、釋經到講道的絕佳範例。
630 00 - SUBJECT ADDED ENTRY--UNIFORM TITLE
Uniform title Bible.
Name of part/section of a work N.T.
-- Hebrews
Form subdivision Commentaries {ch}.
700 ## - ADDED ENTRY--PERSONAL NAME
Personal name Wu Tsen-jen
942 ## - ADDED ENTRY ELEMENTS (KOHA)
Source of classification or shelving scheme Library of Congress Classification
Item type Books
Koha issues (borrowed), all copies 1
Holdings
Withdrawn status Lost status Source of classification or shelving scheme Damaged status Not for loan Home library Current library Shelving location Date acquired Source of acquisition Cost, normal purchase price Accession number Total Checkouts Full call number Barcode Date last seen Price effective from Koha item type Date last borrowed
    Library of Congress Classification     BSOP Library BSOP Library Reference Chinese 09/09/2013 Hua Xuan 1215.77 C-11698   BS498.C5 M66 Hebrews 00043188 09/09/2013 09/09/2013 Books  
    Library of Congress Classification     BSOP Library BSOP Library Chinese Books (General Circulation) 09/01/2014 gift : Brother Daniel   C-12157 1 BS498.C5 M66 Hebrews 00044557 12/19/2018 09/01/2014 Books 12/19/2018
BSOP

Biblical Seminary of the Philippines
  All rights Reserved
  © 2024

CONTACT INFORMATION

Biblical Seminary of the Philippines,
  77-B Karuhatan Road, Valenzuela City,
  PHILIPPINES 1441
  Phone: +632 8292-6795 / 8292-6798
  Fax : +632 8292-6675
  Email: library@bsop.edu.ph